[Event "Terres Catalanes"]
[Site "Manresa"]
[Date "1996.??.??"]
[Round "2"]
[White "Arencibia Rodriguez, Walter"]
[Black "Ubilava, Elizbar"]
[Result "1-0"]
[WhiteElo "2555"]
[BlackElo "2540"]
[Annotator "Donev,I"]
[PlyCount "107"]
[EventDate "1996.09.??"]
[EventType "tourn"]
[EventRounds "9"]
[EventCountry "ESP"]
[EventCategory "9"]
[SourceTitle "CBM 056"]
[Source "ChessBase"]
[SourceDate "1997.02.01"]
[SourceVersion "1"]
[SourceVersionDate "1997.02.01"]
[SourceQuality "1"]

1. e4 c5 2. Nc3 Nc6 3. g3 g6 4. Bg2 Bg7 5. d3 e6 6. Be3 Nd4 7. Qd2 {Der
kubanische GM sucht neue Wege in dieser bekanten Stellung.} (7. Nce2 {Laut
Ex-Weltmeister Spassky und Smyslov ist das die beste Fortsetzung, die Weiß in
diese Stellung leichten Vorteil garantiert.} Nxe2 (7... d6 8. c3 Nxe2 9. Nxe2
$14) 8. Nxe2 Bxb2 9. Rb1 Bg7 10. Bxc5 $14) 7... Ne7 8. Nd1 d6 9. c3 h6 $5 10.
f4 {Falls der Anziehende das Figurenopfer annimmt, bekommt der Nachziehende
gutes Spiel:} (10. cxd4 cxd4 11. Bf4 e5 12. Ne2 $11) 10... Ndc6 11. Nf3 b6 12.
O-O d5 13. e5 a5 14. d4 Ba6 15. Re1 c4 {[%cal Yb6b4,Yf4f5] Nach diesem Zug
entsteht eine Stellung mit Bauernketten im Zentrum. Der Weiße muß Initiative
am Königsflügel bekommen und den Vorstoß f4-f5 vorbereiten. Auf der anderen
Seite muß sein Gegner am Damenflügel dasselbe zu erreichen versuchen.} 16. Bf2
b5 17. g4 h5 18. h3 Qb6 19. Bh4 $1 Kd7 20. Ne3 hxg4 21. hxg4 Bh6 22. Ng5 (22.
Bxe7 Nxe7 23. g5 Bg7 24. a3 {/\Kf2 und das weiße Springerpaar ist stärker als
das schwarze Läuferpaar.}) 22... Raf8 23. Rf1 Nd8 24. Rf3 Bg7 25. Qf2 f5 {
Ein sehr verbindlicher Zug, weil der Bauer e6 dauerhaft geschwächt wird.} 26.
exf6 $1 Bxf6 27. Rh3 Qd6 28. Rf1 Bc8 29. Nf3 Bxh4 30. Rxh4 Kc7 31. Ne5 {
Dank seines starken Springers e5 hat der Anziehende Vorteil.} Bd7 32. Qg3 Be8
33. Qh2 Rxh4 34. Qxh4 Nec6 35. Rf2 Qe7 36. Qh6 (36. Qxe7+ Nxe7 37. Kh2 Ndc6 38.
Nxc6 Bxc6 39. Kg3 $14) 36... Nxe5 37. dxe5 Qc5 38. Nc2 Nc6 39. Nd4 $1 Nxd4 40.
cxd4 Qe7 41. a3 Rf7 42. f5 $1 gxf5 43. gxf5 Bd7 44. f6 Qf8 45. Qg6 Qe8 46. Bh3
b4 47. axb4 axb4 48. Bg4 Kb6 49. Bh5 Rf8 50. f7 Qc8 51. Qf6 c3 52. Qe7 Rxf7 53.
Qxb4+ Bb5 54. Bxf7 {Die weiße Stellung ist leicht gewonnen. Nach 54...c2 folgt
55.Qc5+ und der Bauern c2 geht verloren.} 1-0

[Event "USA-ch"]
[Site "Seattle"]
[Date "2003.01.13"]
[Round "5"]
[White "Stripunsky, Alexander"]
[Black "Browne, Walter Shawn"]
[Result "1-0"]
[WhiteElo "2554"]
[BlackElo "2484"]
[Annotator "Donev,I"]
[PlyCount "81"]
[EventDate "2003.01.09"]
[EventType "swiss"]
[EventRounds "9"]
[EventCountry "USA"]
[SourceTitle "CBM 093"]
[Source "ChessBase"]
[SourceDate "2003.04.01"]
[SourceVersion "1"]
[SourceVersionDate "2003.04.01"]
[SourceQuality "1"]

1. e4 c5 2. Nc3 Nc6 3. g3 g6 4. Bg2 Bg7 5. d3 e6 6. Be3 Nd4 7. Nce2 {Das ist
das berühmte Manöver des Exeltmeisters Smyslov. Weiß ergreift sofort Maßnahmen
gegen den starken Springer d4. Zum einen bereitet er den Abtausch des
Springers vor, zum anderen bereitet er c3 nebst d4 vor.} Ne7 ({Es ist bekannt,
dass der b2-Bauer vergiftet ist:} 7... Nxe2 8. Nxe2 Bxb2 9. Rb1 Qa5+ 10. Bd2
Qxa2 11. Rxb2 $1 Qxb2 12. Bc3 Qa3 13. Bxh8 f6 14. e5 $1 $18 {1-0 Donev,
I-Novkovic,J/Partenen op 1998 (23)}) 8. c3 Nxe2 9. Nxe2 {[%cal Ye3c5]} b6 ({
Die Hauptvariante in dieser Stellung ist 9...d6. Hier ein klassisches Beispiel
des Exweltmeisters und großen Kenners dieser Variante - Vassily Smyslov:} 9...
d6 10. O-O O-O 11. Qd2 Re8 12. d4 Qc7 13. dxc5 dxc5 14. Rfd1 b6 15. Qd6 Qxd6
16. Rxd6 Ba6 17. Bf1 Be5 18. Rd2 Rad8 19. Rad1 Nc6 20. f4 Bb8 21. e5 Rxd2 22.
Rxd2 Rd8 23. Rxd8+ Nxd8 24. b3 Kg7 25. c4 f6 26. exf6+ Kxf6 27. Nc3 Bb7 28. Bg2
Bxg2 29. Kxg2 Nc6 30. Kf3 Nb4 31. Bd2 Ke7 32. Ke4 Nc6 33. Nd1 Bd6 34. Nf2 Nd8
35. Bc3 Nf7 36. Ng4 h5 37. Bf6+ Kd7 38. Nf2 Bc7 39. Nd3 Kc6 40. Ne1 Nd6+ 41.
Kd3 Nf5 42. Nf3 Kd7 43. Ke4 Nd6+ 44. Ke3 Nf5+ 45. Kf2 Bd6 46. h3 Bc7 47. g4
hxg4 48. hxg4 Nh6 49. Kg3 Nf7 50. g5 Bd8 51. Kg4 Bxf6 52. gxf6 Kd6 53. Ne5 {
1-0 Smyslov,V-Golombek,H/London 1947/MCL (53)}) 10. Qd2 Ba6 11. Rd1 d5 $146 ({
RR} 11... h5 12. h4 Rc8 13. O-O d5 14. exd5 Nxd5 {Iuldachev,S-Malakhov,V/
Hyderabad 2002/CBM 92/0-1 (53)}) 12. Bh6 O-O 13. Bxg7 Kxg7 14. exd5 exd5 ({
Schwarz könnte leicht ausgleichen mit folgender Variante:} 14... Bb7 $5 15. c4
exd5 16. O-O Qc7 $11) 15. O-O Qd6 16. d4 $1 $14 {[%csl Yd5] Weiß hat schon
kleine positionelle Vorteile. Seine Figuren und besonders die Bauernstruktur
im Zentrum sind besser platziert. Der Bauer d5 ist schwach und dies wird
früher oder später ein Problem für den Nachziehenden sein.} Rad8 17. Rfe1 Bc8
18. h3 {Vermeidet Bg4 und bereitet Nf4 vor.} c4 19. Nf4 g5 20. Nh5+ ({
Interessant ist auch:} 20. Rxe7 gxf4 (20... Qxe7 21. Nxd5 Qd6 22. Qxg5+ Qg6 23.
Qe5+ $16 {Mit mehr als genug Kompensation für die geopferte Qualität.}) 21.
Rxa7 fxg3 22. Qg5+ Kh8 23. Qxg3 $16) 20... Kh6 21. h4 Rg8 (21... f6 22. Nxf6 $1
Qxf6 23. hxg5+ Qxg5 24. Qxg5+ Kxg5 25. Rxe7 $18) 22. Bf3 f6 23. Kg2 Rdf8 (23...
Bf5) 24. Rh1 Kg6 25. Rde1 h6 26. Bd1 Kf7 27. Bc2 Ng6 28. hxg5 hxg5 29. Qd1 Rh8
30. Qf3 Rfg8 31. Bxg6+ Rxg6 32. g4 Rgh6 33. Rh3 Qd7 $4 {Nach diesem
entscheidenden Fehler ist Schwarz kaum zu retten. Möglicherweise war der alte
amerikanische Großmeister in Zeitnot.} (33... Bd7 $142 34. Reh1 $14) {[%tqu
"De","Die Taktik ist Trumpf! Wie soll Weiß fortzetzen?","","","h5f6","",10] Es
folgt ein kleine Kombination nach welcher der Anziehende mit Materialvorteil
verbleibt.} 34. Nxf6 $1 {[%mdl 64]} Rxh3 (34... Rxf6 35. Rxh8 Rxf3 (35... Kg7
36. Reh1 $18 {[%cal Yh1h7]}) 36. Rh7+ Kf6 37. Rxd7 $18) 35. Nxd7+ Rxf3 36. Ne5+
$1 {Wichtiger Zwischenzug, nach dem Weiß klaren Vorteil behält.} Kg7 37. Kxf3
Rh3+ 38. Kg2 Rh4 39. Rh1 {Nach dem Turmabtausch bekommt der Anziehende ein
klar gewonnenes Endspiel: 1) Der Springer ist viel besser als der
eingeschränkte schwarze Läufer 2) Die Bauermehrheit am Königsflügell
entscheidet früher oder später. 3) Für einen Großmeister sind diese Vorteile
ausreichend, um durch reine Technik den Sieg zu erreichen.} Rxh1 40. Kxh1 Kf6
41. Kg2 1-0

[Event "EU-ch 13th"]
[Site "Plovdiv"]
[Date "2012.03.31"]
[Round "11"]
[White "Onischuk, Vladimir"]
[Black "Edouard, Romain"]
[Result "0-1"]
[WhiteElo "2516"]
[BlackElo "2607"]
[Annotator "Edouard,R"]
[PlyCount "84"]
[EventDate "2012.03.20"]
[EventType "swiss"]
[EventRounds "11"]
[EventCountry "BUL"]
[SourceTitle "CBM 148"]
[Source "ChessBase"]
[SourceDate "2012.05.16"]
[SourceVersion "1"]
[SourceVersionDate "2012.05.16"]
[SourceQuality "1"]

1. e4 e6 2. d3 c5 3. Nc3 {My opponent deviates from normal setups and chooses
to enter some kind of closed Sicilian.} Nc6 4. g3 g6 $5 5. Bg2 Bg7 6. f4 Nge7
7. Nf3 O-O 8. h4 $6 {Quite funny. I was wondering if I should castle
immediatly or play something else. After I saw that my opponent had played 8.
h4, I concluded I had taken the right decision to castle first!} h5 $1 {
Now it seems White has no way to attack, and Black will be able to go ...d5 
(instead of the usual ...d6) since closing the position with e5 will always be
bad for White, due to the f5-square.} 9. O-O (9. Ng5 d5 10. e5 Nd4 $1 {(to
avoid g4)} 11. Ne2 Ndf5 {followed by ...Nh5, ...Nef5, is excellent for Black.})
9... d5 10. Ng5 dxe4 ({The solid} 10... f6 11. Nf3 b6 {was maybe best. Black
is slightly better.}) 11. dxe4 b6 $5 {A very interesting idea. Actually it
took be some time to think of it after including the exchange on e4.} 12. Be3 (
12. Qxd8 Rxd8 13. e5 Ba6 14. Rf2 Rac8 {and Black will put a knight on f5 and
somehow White's knight are nice, but doing nothing. I believe Black is better.}
) 12... Ba6 13. Rf2 Na5 $6 {Tempting but wrong.} (13... Bxc3 14. bxc3 Qxd1+ 15.
Rxd1 Rad8 {is slightly better for Black, but after something like} 16. Rfd2 Be2
$5 17. Rxd8 Rxd8 18. Rxd8+ Nxd8 19. e5 {I could not see such a precise plan
for Black, and decided to keep all the pieces on the board. However, probably
playing this endgame was objectively the best choice, since Black is
definitely better.}) 14. Rd2 $6 (14. e5 $1 Nf5 $1 15. Qe1 $1 {(which I missed)
was probably about equal.} (15. Bxa8 Qxa8 16. Qf3 Bb7 17. Nce4 Bh6 18. Nf6+ Kh8
19. Qe2 Nxg3 {is excellent for Black.})) 14... Qc8 $6 (14... Qe8 $1 15. Bf1 (
15. Rd7 Nc4 16. Bc1 Rd8 $5 $15) 15... Bxf1 16. Qxf1 Bxc3 17. bxc3 Qa4 {was my
initial idea and is definitely much better for Black. But I overestimated what
I actually played in the game.}) 15. Bf1 Nc4 $6 {Tempting, but somehow White's
position becomes much easier to play.} (15... Bxf1 16. Qxf1 Bxc3 17. bxc3 Qc6 {
would be better for Black, but then of course 14...Qe8 would be smarter.}) 16.
Bxc4 Bxc4 17. e5 Nf5 (17... Rd8 {was maybe simplest and best, but the position
is already close to equal.}) 18. Bf2 Ba6 {I evaluated badly that Black was
better with easy play here. But actually the position is just unclear and not
so easy to play!} 19. g4 $1 hxg4 20. Qxg4 Qc6 21. Rad1 Bb7 22. Nce4 Bh6 23. Rd6
$5 (23. Nf6+ Kh8 24. Kh2 (24. Qh3 $5 Kg7 25. h5 Bxg5 26. fxg5 gxh5 27. Nxh5+
Kg6 28. Nf4+ Kg7 $11) 24... Bxg5 25. Qxg5 Kg7 {with a draw.}) 23... Nxd6 24.
Rxd6 Qa4 25. Nf6+ Kh8 $4 $138 (25... Kg7 {was best, but only a draw:} 26. Rd7
Bd5 $1 (26... Bxg5 27. Qxg5 Qc6 28. Nh5+ Kg8 $11) 27. b3 $1 (27. h5 Qxc2 28.
Nxd5 exd5 29. Ne6+ Kh7 {is better for Black.}) 27... Qxa2 28. Nxd5 exd5 29.
Nxf7 $1 Rxf7 30. Rxf7+ Kxf7 31. Qd7+ Kf8 32. Qc6 $1 $11) 26. b3 $4 $138 ({
I considered} 26. Rd7 Qc6 {to be much better for Black, but totally missed the
move} 27. Qh3 {after what Black would have to resign. But it seems 27.Nge4
would also be much better for White and 27.Kf1 would simply make a draw. It is
difficult to know what happened to my brain, but it seems my opponent had the
same problem, since he played the move 26.b3 which I expected!}) 26... Qxa2 27.
Qd1 $2 ({I thought the position was now completely winning, but the quite
difficult} 27. Be1 {with the idea of} Qxc2 28. Rd7 {would still be a draw
according to the engine.}) 27... Bxg5 28. fxg5 Qb2 $1 {Now, finally, Black's
position is indeed winning!} 29. Ng4 $2 (29. Rd3 {was probably the last try
for White, while the game could carry on with something like} Qxe5 30. Bg3 Qf5
31. Qd2 $1 {(just trying to get counterplay our of the dark squares)} e5 $1 32.
Qh2 Rad8 33. Bxe5 Rxd3 34. cxd3 Rd8 {and White can never draw, e.g.} 35. Ng4+
Kh7 36. Nf6+ Kg7 37. Ng4+ Kf8 38. Bd6+ Rxd6 39. Qxd6+ Kg7 40. Nf6 Qe6 $19)
29... Be4 $19 30. Rd2 Qc3 31. Ne3 a5 $5 {Threatening and ...a4 and delaying
the capture of the e-pawn, which would give White a little counterplay.} 32. h5
Qxe5 33. Ng4 Qxg5 34. Be3 Qh4 35. Rh2 Qg3+ 36. Kf1 g5 37. Bxg5 f6 38. Bh4 Rad8
39. Bxg3 Rxd1+ 40. Ke2 Rg1 41. Kf2 Rc1 42. Ke3 Bf5 (42... Bf5 43. Nxf6 Rxf6 44.
Be5 Re1+ $19) 0-1

[Event "Szekszard op"]
[Site "Szekszard"]
[Date "1987.10.??"]
[Round "?"]
[White "Lenart, Endre"]
[Black "Enders, Peter"]
[Result "0-1"]
[WhiteElo "2325"]
[BlackElo "2405"]
[Annotator "Enders,P"]
[PlyCount "72"]
[EventDate "1987.10.09"]
[EventType "swiss"]
[EventRounds "9"]
[EventCountry "HUN"]
[SourceTitle "EXT 2017"]
[Source "ChessBase"]
[SourceDate "2016.10.25"]
[SourceVersion "1"]
[SourceVersionDate "2016.10.25"]
[SourceQuality "1"]

{SCHACH 1/1988 Seiten 20-21} 1. e4 c5 2. Nc3 d6 3. g3 Nf6 4. Bg2 e6 5. d3 Be7
6. f4 O-O 7. Nf3 Nc6 8. O-O Rb8 9. a4 a6 {Äußert riskant} 10. e5 $1 dxe5 11.
Nxe5 $2 ({Nach dem viel besseren} 11. fxe5 Nd5 12. Ne4 {konnte Weiß einen
vielversprechenden Königsangriff einleiten.}) 11... Nd4 $1 {Das Verwirrspiel
beginnt. Der Bauer f4 steht dem Anziehenden von nun an ausnahmslos im Wege!}
12. Ne4 Qc7 13. c3 Nf5 14. Qe1 Nd5 15. g4 $6 Nh4 $1 16. Bh1 Ng6 17. Nxg6 fxg6
$3 18. Qg3 Bd7 19. Rf2 Rf7 20. c4 Nb4 21. b3 Bc6 22. Bb2 Rbf8 23. Be5 Qd8 $1
24. Rd2 {[#]} (24. Rf3 Bh4 $1 25. Qh3 (25. Qg2 Rxf4) 25... Bxe4 26. dxe4 Bf6 {
ergibt eine strategisch gewonnene Stellung für Schwarz.}) 24... Rxf4 $1 {
Der Unglücksrabe fällt bereits. Die Partie ist entschieden.} 25. d4 Rxe4 26.
Bxe4 Bxe4 27. Bxg7 Kxg7 28. Qe5+ Bf6 29. Qxe4 Bxd4+ 30. Kg2 Qc7 31. Rf1 Rxf1
32. Kxf1 Qc6 33. Rxd4 cxd4 34. Qxd4+ e5 35. Qc3 Qh1+ 36. Ke2 Qxh2+ {und Weiß
gab auf.} 0-1

[Event "ISR-ch sf"]
[Site "Ramat Aviv"]
[Date "2000.08.21"]
[Round "5"]
[White "Finkel, Alexander"]
[Black "Mikhalevski, Victor"]
[Result "1-0"]
[WhiteElo "2467"]
[BlackElo "2537"]
[Annotator "Finkel,A"]
[PlyCount "81"]
[EventDate "2000.08.16"]
[EventType "swiss"]
[EventRounds "9"]
[EventCountry "ISR"]
[SourceTitle "CBM 078"]
[Source "ChessBase"]
[SourceDate "2000.10.18"]
[SourceVersion "1"]
[SourceVersionDate "2000.10.18"]
[SourceQuality "1"]

1. e4 c5 2. Nc3 $5 {We played with Victor more than 20 tournament games and in
all the games that I played with white Victor chose 1...e5.He was probably
bored to death to play it again so he opted for 1...c5.I was suprised and
that's the main reason why I decided to put the knight on the square where I
usually put the pawn!} Nc6 3. g3 g6 4. Bg2 Bg7 5. d3 e6 6. h4 $5 {Possible
continuation,however promising white nothing special.} (6. Be3 d6 7. h4 h5 8.
Nh3 $6 Nge7 9. Qd2 Nd4 10. O-O e5 $132 {Fuksikova,I-Muzikantova,V/CZE
Moravia-chW 1995}) 6... h5 (6... Nge7 $6 7. h5 d6 8. Bd2 Rb8 9. Qc1 Nd4 10. Nd1
e5 11. c3 Ne6 12. Nf3 $14 {Panbukchian,V-Petrov,M/BUL-ch 1994}) (6... Nf6 7.
Nge2 (7. Nh3 d5 8. h5 Nxh5 9. exd5 exd5 10. Nxd5 O-O 11. Bf3 Re8+ $13 {Ehret,
R-Huber,P/Rieden op 1996}) 7... d6 8. Bg5 h6 9. Bd2 e5 10. Qc1 Nd4 11. Nxd4
cxd4 12. Ne2 Be6 $11 {Abramovic,B-Petursson,M/New York op 1987}) 7. Be3 (7. Nh3
$6 d6 8. Nf4 Nge7 9. Be3 Rb8 10. Rb1 b5 11. a3 a5 12. f3 b4 $15 {Ehret,
R-Cleven,M/GER-chW U20 1997}) (7. Nge2 Nge7 8. Nf4 Nd4 9. O-O Nec6 10. Nce2
Nxe2+ 11. Nxe2 d6 12. c3 $14 {Fucek,C-Haehnel,F/Villa Ballester op 1993}) 7...
d6 8. Nf3 (8. Nh3 $6 Nf6 9. Nf4 Ng4 10. Bd2 Nd4 $132 {[%csl Rf4]}) 8... Nh6 9.
O-O Ng4 10. Bg5 Qa5 (10... Qb6 11. Rb1 Nd4 12. Nxd4 cxd4 13. Ne2 $14 {[%cal
Gc2c3]}) 11. Nd2 $5 {[%cal Gd2c4] The position is quiet unusual,but white's
last move is typical reaction in this kind of position.} Nd4 (11... Nge5 $2 12.
f4 Ng4 13. Nc4 Qc7 14. Nb5 $16) 12. Ne2 {[%cal Gc2c3]} (12. Nc4 Qc7 13. Bf4 Ne5
14. Nxe5 dxe5 15. Be3 O-O 16. Qd2 b6 $11) 12... Qc7 13. c3 (13. Nxd4 $5 cxd4
14. Nb3 (14. Rc1 O-O 15. c3 dxc3 16. bxc3 f6 17. Bf4 e5 18. Be3 Nxe3 19. fxe3
Be6 $15) 14... O-O 15. Rc1 b6 16. c3 dxc3 17. bxc3 Bb7 $13) 13... Nc6 ({
Not so good is} 13... Nxe2+ $6 14. Qxe2 f6 15. Be3 Nxe3 16. Qxe3 e5 17. d4 $14
{and white stands better.}) 14. Nf3 {[%cal Gd3d4]} Nf6 15. Rc1 b6 16. b4 $6 Bb7
17. Qd2 Rc8 18. a3 O-O 19. Nh2 $1 {Preparing the attack against black king.}
Ne5 $5 {[%cal Gc5c4]} (19... Nh7 20. Bh6 e5 21. Bxg7 Kxg7 22. f4 $14) 20. Bxf6
$1 Bxf6 21. f4 Nd7 22. f5 $5 (22. g4 hxg4 (22... Bxh4 $2 23. g5 $1 f6 24. Nf3
fxg5 25. fxg5 Rxf3 26. Rxf3 Qd8 27. Bh3 $1 $14) 23. Nxg4 Bxh4 24. f5 exf5 25.
exf5 Bxg2 26. Kxg2 Qc6+ 27. Kh3 g5 $13) 22... exf5 23. exf5 Bxg2 24. Kxg2 Qc6+
25. Kh3 Rce8 $6 (25... d5 $5 26. Nf4 Bg7 (26... Ne5 27. d4 Nc4 28. Qd3 Qd7 29.
g4 Rfe8 30. Rce1 $40) 27. g4 hxg4+ 28. Nxg4 Rce8 $13) 26. Nf4 Ne5 27. c4 $1 $14
{[%csl Gd5][%cal Gf4d5]} Bg7 28. Nd5 Kh7 {[%cal Gg7h6]} 29. Nf3 $5 Nxf3 $6 {
After this move black faces problems.Better was} (29... Ng4 $1 30. Ng5+ Kh8 31.
Rce1 (31. Nf4 Qd7 $5 32. fxg6 {with mutual chances.} Ne5+ 33. Kg2 fxg6 $13)
31... Qd7 $132) 30. Rxf3 Re5 31. Rcf1 Rfe8 32. R1f2 $1 Rxd5 $8 (32... Qd7 33.
Kg2 gxf5 34. Qg5 f4 35. Qxf4 $16) (32... b5 33. fxg6+ fxg6 34. Rf7 {[%cal
Gd5f6]} Kg8 (34... bxc4 35. Nf6+ Kh8 36. Qh6+ $1 Bxh6 37. Rh7#) 35. Rc7 Qa6 36.
Rff7 $18) 33. b5 $5 Qb7 34. cxd5 Qxd5 35. Kg2 $5 Re5 $8 36. Qa2 $2 {When I
made this move I thought that I have very good winning chanses in any case,but
I overlooked very nice defensive move after which black seems to hold the
position.} (36. Kh2 $5 $16) 36... Rxf5 $4 {Losing on the spot.} (36... Qxa2 $1
37. fxg6+ (37. Rxa2 gxf5 38. Kf1 Kg6 39. Re2 Re6 $1 $11) 37... Kxg6 38. Rxa2
Re1 $3 39. Raf2 Bd4 40. Rf1 Re2+ 41. Kh3 f6 $11) 37. Qxd5 Rxd5 38. Rxf7 $18 {
[%csl Rg7,Rh7]} Kh6 (38... Rxd3 39. Rxa7 Kg8 40. Rff7 Bf8 41. Rf6 $18) 39. R2f3
Re5 40. Rxa7 Re2+ 41. Rf2 1-0

[Event "St Stefan/Belgrade m"]
[Site "Belgrade"]
[Date "1992.??.??"]
[Round "23"]
[White "Fischer, Robert James"]
[Black "Spassky, Boris Vasilievich"]
[Result "1/2-1/2"]
[WhiteElo "2785"]
[BlackElo "2560"]
[Annotator "Ftacnik,L"]
[PlyCount "159"]
[EventDate "1992.09.??"]
[EventType "match"]
[EventRounds "30"]
[EventCountry "YUG"]
[SourceTitle "CBM 031"]
[Source "ChessBase"]
[SourceDate "1992.12.01"]
[SourceVersion "1"]
[SourceVersionDate "1992.12.01"]
[SourceQuality "1"]

1. e4 c5 2. Nc3 e6 3. Nge2 Nc6 4. g3 d5 5. exd5 exd5 6. d3 Nf6 7. Bg2 Be7 8.
Bg5 d4 9. Bxf6 Bxf6 10. Ne4 Be7 11. Nf4 O-O 12. O-O Re8 13. Qh5 g6 14. Qd5 Bf5
15. Rfe1 Kg7 16. a3 Rc8 17. h3 Qxd5 18. Nxd5 Bf8 19. g4 Be6 20. Nef6 Red8 21.
g5 Bd6 (21... h6 22. h4 (22. Nf4 Bf5 (22... hxg5 $6 23. Nxe6+ fxe6 24. Rxe6 Kf7
25. Rae1 $16) 23. h4 Bd6 $132) (22. gxh6+ Kxh6 23. Nf4 Bf5 24. Bxc6 Rxc6 25.
Ng8+ Kg7 26. Ne7 Rf6 $10) 22... hxg5 23. hxg5 Bd6 $10) 22. Re4 Ne7 23. Rh4 Rh8
24. Re1 Nf5 25. Rhe4 h6 26. h4 hxg5 27. hxg5 Rh4 28. Rxh4 Nxh4 29. Re4 $1 Nf5
$1 (29... Nxg2 30. Kxg2 Bxd5 (30... Bb8 31. Kf3 $1 Rh8 32. Nf4 $14) 31. Nxd5
Rh8 32. Nf6 $14) 30. Nf4 Ba2 $8 31. N4d5 Bxd5 32. Nxd5 Kf8 33. Kf1 Re8 $1 34.
Rxe8+ Kxe8 35. Nf6+ Kd8 36. Bxb7 Bf4 37. Ne4 Bc1 38. a4 Bxb2 39. Nxc5 Bc1 40.
Be4 $1 (40. Ne4 Ke7 41. Bd5 Bf4 42. Kg2 Nd6 $10) 40... Bxg5 41. Bxf5 gxf5 42.
Nb3 Bf6 43. Kg2 Kd7 44. Kg3 Ke6 45. Na5 Be5+ 46. Kh4 Bf6+ 47. Kh5 $5 Kd5 48.
Kh6 Kc5 49. Kh7 Kb4 50. Nc6+ Kc3 $1 (50... Kxa4 51. Nxa7 Kb4 52. Kg8 Kc3 53.
Kxf7 Bh8 54. Kg8 $10) 51. Kg8 Kxc2 52. Kxf7 Bh8 53. a5 (53. Kg8 Bf6 54. Kf7 $10
) 53... Kxd3 54. a6 Ke2 55. Nxa7 d3 56. Nc6 d2 57. a7 d1=Q 58. a8=Q Qd5+ 59.
Kg6 Qe6+ 60. Kh7 Bc3 61. Nd8 Qe7+ 62. Kg6 Qf6+ 63. Kh5 Qh8+ 64. Kg6 Qg7+ 65.
Kxf5 Qf6+ 66. Kg4 Qg6+ 67. Kf4 Bd2+ 68. Ke5 Bc3+ 69. Kf4 Qd6+ 70. Kf5 Qd7+ 71.
Kg5 Qe7+ 72. Kf5 Qf6+ 73. Kg4 Qg7+ 74. Kf5 Qf6+ 75. Kg4 Qg6+ 76. Kf4 Bd2+ 77.
Ke5 Qg5+ 78. Ke6 Qg4+ 79. Kf7 Qd7+ 80. Kg6 1/2-1/2

[Event "St Stefan/Belgrade m"]
[Site "Belgrade"]
[Date "1992.??.??"]
[Round "24"]
[White "Spassky, Boris Vasilievich"]
[Black "Fischer, Robert James"]
[Result "1/2-1/2"]
[WhiteElo "2560"]
[BlackElo "2785"]
[Annotator "Ftacnik,L"]
[PlyCount "78"]
[EventDate "1992.09.??"]
[EventType "match"]
[EventRounds "30"]
[EventCountry "YUG"]
[SourceTitle "CBM 031"]
[Source "ChessBase"]
[SourceDate "1992.12.01"]
[SourceVersion "1"]
[SourceVersionDate "1992.12.01"]
[SourceQuality "1"]

1. e4 c5 2. Ne2 Nf6 3. Nbc3 d6 4. g3 g6 5. Bg2 Nc6 6. O-O Bg7 7. d4 cxd4 8.
Nxd4 Bg4 (8... Nxe4 $6 9. Nxc6 Nxc3 10. Nxd8 (10. bxc3 $2 bxc6 11. Bxc6+ Bd7
12. Bxa8 Qxa8 $44) (10. Qf3 bxc6 11. Qxc6+ Bd7 12. Qxa8 Qxa8 13. Bxa8 Ne2+ 14.
Kg2 Nxc1 15. Raxc1 O-O 16. Bd5 Bxb2 17. Rb1 $14) 10... Nxd1 11. Nxb7 Rb8 12.
Nxd6+ $1 exd6 13. Rxd1 $16 Bxb2 $140 $2 14. Rb1 $18) (8... O-O 9. Nxc6 $5 bxc6
10. e5 dxe5 11. Qxd8 (11. Bxc6 Bh3) 11... Rxd8 12. Bxc6 Rb8 $132) 9. Nde2 $6 (
9. f3 Nxd4 (9... Nxe4 $2 10. Nxc6 Qb6+ 11. Kh1 Nxc3 12. bxc3 Bxc3 13. Nxe7 $5 (
13. Bd2 Bxa1 14. Qxa1 f6 15. Nxe7 $40) 13... Bxa1 14. Nd5 $40) 10. Qxd4 Be6 11.
Bg5 O-O 12. Qe3) 9... Qc8 10. f3 Bh3 11. Bxh3 Qxh3 12. Bg5 O-O 13. Qd2 h6 14.
Be3 Kh7 15. Rac1 Qd7 16. Nd5 Nxd5 17. exd5 Ne5 18. b3 (18. c4 b5 $1) 18... b5
19. Bd4 Rac8 20. f4 Ng4 21. Bxg7 Kxg7 22. Nd4 Nf6 23. c4 bxc4 24. bxc4 e6 $1
25. dxe6 fxe6 26. Rfe1 Rfe8 27. Nb3 a6 28. Qd4 Rc6 29. Red1 e5 $1 30. fxe5 Rxe5
31. Qxe5 (31. c5 Rd5) 31... dxe5 32. Rxd7+ Nxd7 33. Rd1 Nf6 34. c5 Kf7 35. Rc1
Nd7 36. Kf2 Ke6 37. Ke3 Kd5 38. Rd1+ Ke6 39. Rc1 Kd5 1/2-1/2